000 00678nam a2200241Ia 4500
003 OSt
005 20220926014524.0
006 a|||||r|||| 00| 0
007 ta
008 220923b |||||||| |||| 00| 0 eng d
020 _a0070540314
037 _cGeneral Book
040 _aRTL
_cRTL
_beng
041 _2eng
_aeng
082 _aX:516.73.N8, M4
100 _aRothschild Willam E
_9320780
245 0 _aHow to gain and maintain the competitive advantag
260 _aNew York
_bMcGraw-Hill
_c1984
300 _aix,227p
_ccm.
650 _aCompetition
942 _hX:516.73.N8, M4
_cGB
_2CC
999 _c629283
_d629283